00878cam a22002411 450000100060000000300080000600500170001400800410003103500190007204000270009104100080011808200190012610000300014524500510017526000320022630000380025835000090029665000360030594200120034199900170035395201280037095201380049820561BD-RjUL20211209000600.0140301s1965 pk a 000 0 eng d a(BD-RjUL)20623 aDLCcDLCdBD-RjULbeng aeng00a822bAZM 19650 aAzam, Ikramd1940-96344314aThe martyr and other plays /c[by] Ikram Azam. aLahore :bFerozsons,c1965. a132 p. :billus., port. ;c22 cm. aRs 5 aEnglish Literature plays965660 2ddccBK c20561d20561 00102ddc40718FICaRUCLbRUCLcReadingd1968-04-20eHeffers Sons Ltdg5.00o822 AZM 1965r2014-03-01 00:00:00tC-1yBK 00102ddc40708FICaRUCLbRUCLcGENd1968-04-20eHeffers Sons Ltdg5.00l0o822 AZM 1965r2025-03-11 00:00:00tC-2w2025-03-11yBK